| 000 | 00561nam a2200205 a 4500 | ||
|---|---|---|---|
| 001 | 5617 | ||
| 003 | CDMR | ||
| 005 | 20131021101638.0 | ||
| 008 | 130130s1994||||||||||||||||||||||||||||d | ||
| 020 | _a1878107046 | ||
| 040 |
_aCDMR _bcat _cCDMR |
||
| 245 | 4 |
_aThe best of newspaper design _b: fifteenth edition |
|
| 250 | _a15a ed. | ||
| 260 |
_aRockport _c1994 _bRockport Publishers |
||
| 300 |
_a272 p. _bil. col. _c30 cm |
||
| 650 | 0 | 4 |
_91840 _aDiaris _xDisseny |
| 650 | 0 | 4 |
_94138 _aArts grà fiques |
| 710 | 2 |
_94148 _aSociety of Newspaper Design |
|
| 942 |
_cMON _2udc |
||
| 999 |
_c5617 _d5617 |
||